02157nam a2200409 u 450000100070000000500170000700800410002402000150006503500110008003500210009104000130011204100080012508200080013310000480014124500270018925000170021626000430023330000360027649000510031250000630036350505280042652004140095465000260136865000230139465000200141765000160143765000400145365000270149365000240152065000220154465000320156665000290159865000200162765000360164770000310168370000330171491090320260506154456.0050224s1990 spa  a842062635X a910903 a(OCoLC)777892643 ccomduadb aspa 4a30110aGiddens, Anthony4aut0(viaf)108178108eaut13aLa teoría social hoy a1. edición aBarcelona :bAlianza Editorial,c1990. a537 páginas :bilustraciones.0 aAlianza Universidad : Ciencias Sociales ;v635 aPrimera reimpresión 1998. -- Tercera reimpresión 2001. aCONTENIDO : Introducción. -- La centralidad de los clásicos. -- El conductismo y después el conductismo. -- Interaccionismo simbólico. -- Teoría parsoniana actual: en busca de una nueva síntesis. -- Teorizar analítico. -- El estructuralismo, el post- estructuralismo y la producción de la cultura. -- Etnometodología. -- Teoría de la estructuración y Praxis social. -- Análisis de los sistemas mundiales. -- Análisis de clases. -- Teoría crítica. -- La sociología y el método matemático.3 aLa teoría social ha sufrido grandes cambios en los últimos quince años. El resultado de tales cambios ha sido la proliferación de distintos enfoques teóricos. El objeto de este libro es ofrecer un examen sistemático de los cambios que se han producido en las dos últimas décadas así como una completa panorámica de las tendencias de pensamiento más destacadas en la teoría social, hoy. 7aClases sociales2lemb 7aSociología2lemb aTeoría social aConductismo 7aInteraccionismo simbólico2armarc 7aEstructuralismo2embne aPostestructuralismo 0aEtnometodología aTeoria de la estructuracion 7aTeoría crítica2lemb 0aTeoría social aCiencias sociales - Matematicas10aTurner, Jonathan4auteaut10aAlborés, Jesús4trletrl